000 00352nam a22001337a 4500
008 181105b xxu||||| |||| 00| 0 eng d
020 _a9781878787392
041 _aeng
080 _27th
_a371
100 _a46
101 _aEDU
245 _aInstructor's and Administrator's Guide for Career Choices and My10yearPlan.com
_cBingham,M
942 _2udc
_cBK
999 _c51801
_d51801